Pokémon Platine - Les capacités de type Vol - Statistiques

Statistiques générales
  • Ce quiz a été pris 54 fois
  • Le résultat moyen est 13 sur 19
Statistiques - réponses
Gen Catégorie Capacité % Correct
I Physique Vol
98%
I Physique Picpic
88%
I Physique Cru-Aile
85%
IV Physique Rapace
83%
I Spéciale Tornade
83%
IV Statut Atterrissage
81%
III Physique Aéropique
77%
IV Spéciale Lame d'Air
77%
III Spéciale Tranch'Air
75%
I Physique Piqué
71%
I Physique Bec Vrille
63%
II Spéciale Aéroblast
60%
III Statut Danse-Plume
60%
III Physique Rebond
54%
IV Statut Vent Arrière
54%
IV Physique Picore
48%
IV Statut Anti-Brume
46%
I Statut Mimique
38%
IV Spéciale Babil
27%
Aucun quiz correspondant
Distribution des résultats
% des personnes avec chaque résultat
Percentile par nombre de réponses
Votre historique - résultats
Vous n’avez pas pris ce quiz